000 00825cab a22001935a 4500
001 L146219
008 081216e20081212xxkdo f s 000 0 eng d
035 _a(Sirsi) u146219
041 0 _aeng
100 1 _aMorrison, Doug
245 0 0 _aTop of the class
260 _c2008
490 _aProperty Week
_v(74)50, 46-47(2)
520 _aArticle provides an overview and statistics for the student accommodation sector, which remains bouyant despite the current recession. Discusses increases in available funding for the development of communal accommodation and suggests that there is insufficient supply to allow for the growing number of undergraduate students in the United Kingdom.
590 _aKA
651 4 _aUnited Kingdom
_y
690 _aPROPERTY-RESIDENTIAL PROPERTY-COMMUNAL RESIDENTIAL PROPERTY
942 _n0
999 _c81090
_d81090